| 000 | 00690nam a2200229 a 4500 | ||
|---|---|---|---|
| 008 | |||
| 020 | _a0521570956 (hbk.) | ||
| 049 | _aMAIN | ||
| 090 | 0 | _aQA401.G47 GER | |
| 100 | 1 | _aGershenfeld, Neil A. | |
| 245 | 1 | 4 |
_aThe nature of mathematical modeling / _cNeil Gershenfeld. |
| 260 |
_aCambridge : _bCambridge University Press, _c1999. |
||
| 300 |
_axii, 344 p. : _bill. ; _c26 cm. |
||
| 500 | _aIncludes index. | ||
| 504 | _aIncludes bibliographical references. | ||
| 650 | 0 | _aMathematical models. | |
| 907 |
_a.b10110963 _b16-01-07 _c13-02-04 |
||
| 003 | |||
| 005 | 20230123133627.0 | ||
| 040 | _cNUST | ||
| 942 |
_cBOOKS _kQA401.G47 GER |
||
| 999 |
_c151857 _d151857 |
||